| 000 | 00553nmm a22001817a 4500 | ||
|---|---|---|---|
| 003 | OSt | ||
| 005 | 20251013115758.0 | ||
| 006 | eBook | ||
| 008 | 251013b |||||||| |||| 00| 0 eng d | ||
| 040 | _cMRSPTU | ||
| 100 | _aLen Bass | ||
| 245 | _aSoftware Architecture in Practice | ||
| 250 | _a2nd | ||
| 260 |
_aNew Delhi _bPearson _c2003 |
||
| 300 | _aComputer Science | ||
| 856 |
_3Click here to access the e-book _uhttps://ebookcentral.proquest.com/lib/gzsptuc/detail.action?docID=5126507&query=Software+Architecture+in+Practice |
||
| 942 |
_2ddc _cEB _n1 |
||
| 999 |
_c10586 _d10586 |
||